000 00907nam a2200229Ii 4500
003 JO-AjNU
008 230605s9999||||xx |||||||||||||| ||und||
017 _a2016/1/326
020 _a978-9957-616-20-5
040 _aJO-AjNU
_bara
_erda
_cJO-AjNU
041 _aara
050 1 4 _aBF199.T35 2017
100 3 _aالطائي، مؤيد عبد علي,
_eauthor
_960716
245 0 0 _aالاسس الفسيولوجية للعلوم النفسية والتربوية=Physiological Fundamentals of and educational sciences Psychological
250 _aالطبعة الاولى
264 3 1 _aعمان: دار صفاء للنشر والتوزيع، 2017
300 _a400ص
_b ويحتوي على قائمة مراجع من ص385ص- 400ص
336 _atext
_btxt
_2rdacontent
337 _aunmediated
_bn
_2rdamedia
338 _avolume
_bnc
_2rdacarrier
650 4 _aعلم النفس التربوي
_960717
999 _aA27394
_c30962
_d30962